000 00293nam a22001097a 4500
041 _aeng
080 _a80
100 _aКаушанская, В. Л.
245 _aСборник упражнений по грамматике англ. языка.
650 _aEnglish Grammar
999 _c280447
_d280447
942 _cBK